Encyclopedia of World Architecture (Record no. 918)

000 -LEADER
fixed length control field 00262nam a2200109Ia 4500
008 - FIXED-LENGTH DATA ELEMENTS--GENERAL INFORMATION
fixed length control field 200302s9999 xx 000 0 und d
100 ## - MAIN ENTRY--PERSONAL NAME
Personal name Henri Stierlin
245 ## - TITLE STATEMENT
Title Encyclopedia of World Architecture
260 ## - PUBLICATION, DISTRIBUTION, ETC.
Name of publisher, distributor, etc. Evergreen Ltd.
260 ## - PUBLICATION, DISTRIBUTION, ETC.
Date of publication, distribution, etc. 1977
300 ## - PHYSICAL DESCRIPTION
Extent 493 P.,
Holdings
Withdrawn status Lost status Damaged status Not for loan Permanent Location Current Location Date acquired Cost, normal purchase price Full call number Barcode Date last seen Price effective from Koha item type Source of classification or shelving scheme
        BMS College of Architecture, Design and Planning BMS College of Architecture, Design and Planning 2020-03-03 899.64 729.9 CL-UG34011 2020-03-03 2020-03-03 UG Books from CL  
        BMS College of Architecture, Design and Planning BMS College of Architecture, Design and Planning 2021-06-23   729.9 AR-UG2210 2021-06-23 2021-06-23 UG Books  
Copyright © 2025, The Librarian, Library and Information Centre, BMSCA D&P, Bengaluru. All Rights Reserved
web counter

Powered by Koha